000 01384nam a2200349Ia 4500
005 20180312112528.0
008 130821s2007 ck gr spa
020 _a9789586839402
040 _aCo-BoUCM
_bspa
_cSaul Niño (Modificó)
_d[Nuevo]
041 0 0 _aspa
245 0 0 _aBiopolítica y formas de vida
_cRubén A. Sánchez, editor
260 _aBogotá (Colombia)
_bEditorial Pontificia Universidad Javeriana
_c2007
300 _a269 páginas
600 1 4 _aFoucault, Michel
_d1926-1984
_xCrítica e interpretación, etc.
_976173
650 0 4 _aBiopolítica
_910150
650 0 4 _aCiencia política
_9340
650 0 4 _aFilosofía francesa
_915814
650 0 4 _aPoder (Filosofía)
_921753
650 0 4 _aPoder político
_921764
700 1 _aArias Herrera, Juan Carlos
_976174
700 1 _aCárdenas Maldonado, Juan David
_976175
700 1 _aCarrión Cañón, Rosso Iván
_976176
700 1 _aCastro-Gómez, Santiago
_d1958-
_976177
700 1 _aChirolla Ospina, Gustavo Adolfo
_976178
700 1 _aCifuentes Quiñónez, Luis Antonio
_976179
700 1 _aGómez Montañez, César Mario
_976180
700 1 _aSánchez, Rubén A.
_eeditor
_976181
700 1 _aTamayo Nieto, Richard
_976182
710 2 _aPontificia Universidad Javeriana.
_bFacultad de Filosofía
_976183
942 _cLIBRORESER
_a6
_e1
_mS211b
_2DEWEY
_h320.01
_n0
999 _c54477
_d54477